| 000 | 01488cam a2200229 4500 | ||
|---|---|---|---|
| 001 | ABS64011 | ||
| 008 | 000000n2001 000 0 eng u | ||
| 035 | _a(Sirsi) u112696 | ||
| 100 | _aWilliams, P. | ||
| 245 | _aConsultation room | ||
| 260 | _c2001 | ||
| 490 |
_aEstates Gazette _v(0119) 12 May 2001, 136(1) |
||
| 520 | _aDiscusses a recent consultation paper, issued by government, suggesting the repeal of Landlord and Tenant Act 1954 s57, which it believes is no longer needed. This currently gives public bodies, or providers of public services, the privilege of preventing lease renewals if they need the property for their own purposes. Notes that there has been little response to this consultation paper, which can be viewed at: http://www.planning.detr.gov.uk/consult/lbpltas/index.htm. Sets out the provisions of s57, and the three key reasons given in the consultation paper for repealing it. Also discusses the paper's recommendation that the procedure for dealing with applications for certificates under s57, while some leases remain subject to this section, be revised in order that the tenant's point of view be given the emphasis it deserves. The deadline for responses to the consultation paper is 30 June 2001. | ||
| 590 | _aABS | ||
| 650 | _aLANDLORD AND TENANT ACT 1954 S57 | ||
| 650 | _aCONSULTATION PAPER | ||
| 650 | _aPUBLIC AUTHORITIES | ||
| 650 | _aLEASE RENEWALS | ||
| 650 | _aREFORM | ||
| 690 | _aLANDLORD AND TENANT-LEASES | ||
| 942 | _n0 | ||
| 999 |
_c67088 _d67088 |
||